[Event "Druzynowe Mistrzostwa Polski - Ekstraliga 2023"]
[Site "Lublin"]
[Date "1899-12-30"]
[Round "4.19"]
[White "Volokitin, Andrei"]
[Black "Nguyen, Thai Dai Van"]
[Result "1/2-1/2"]
[WhiteTitle "GM"]
[BlackTitle "GM"]
[WhiteElo "2659"]
[BlackElo "2606"]

1. e4 e5 2. Nf3 Nc6 3. Bb5 Nf6 4. d3 Bc5 5. Ba4 O-O 6. O-O d6 7. c3 h6 8. h3 a6
9. Re1 Re8 10. d4 Ba7 11. Bxc6 bxc6 12. dxe5 dxe5 13. Qxd8 Rxd8 14. Nbd2 Re8 15.
Nc4 Nd7 16. Be3 Bxe3 17. Rxe3 a5 18. b4 axb4 19. cxb4 f6 20. Rc3 Rb8 21. Ncd2
Rxb4 22. Rxc6 Nf8 23. Rxc7 Ne6 24. Ra7 Rb7 25. Ra8 Bd7 26. Rxe8+ Bxe8 27. a4 Ra7
28. a5 Nc5 29. Nh4 Nb7 30. a6 Nc5 31. Ra5 Nxa6 32. Nf5 Ra8 33. Nc4 Nc7 34. Ne7+
Kf8 35. Rxa8 Nxa8 36. Nd5 Bf7 37. Nce3 Bxd5 38. Nxd5 Ke8 39. h4 h5 40. Kh2 Kd7
41. g4 hxg4 42. Kg3 Nc7 43. Nxc7 Kxc7 44. h5 Kd6 45. Kxg4 Ke6 46. f3 Ke7 47. Kf5
Kf7 48. Kg4 Ke7 49. Kf5 Kf7 50. Kg4 1/2-1/2

[Event "Druzynowe Mistrzostwa Polski - Ekstraliga 2023"]
[Site "Lublin"]
[Date "1899-12-30"]
[Round "4.20"]
[White "Svane, Rasmus"]
[Black "Lagarde, Maxime"]
[Result "1/2-1/2"]
[WhiteTitle "GM"]
[BlackTitle "GM"]
[WhiteElo "2641"]
[BlackElo "2607"]

1. d4 Nf6 2. Nf3 g6 3. Nbd2 d5 4. b3 Bg7 5. Bb2 O-O 6. e3 Bf5 7. Be2 Ne4 8. Rc1
c5 9. c4 dxc4 10. Rxc4 Nd7 11. Nxe4 Bxe4 12. O-O b5 13. Rc1 Qa5 14. a4 a6 15.
Qd2 Qxd2 16. Nxd2 Bd5 17. axb5 cxd4 18. Bxd4 Bxd4 19. exd4 axb5 20. Bxb5 1/2-1/2

[Event "Druzynowe Mistrzostwa Polski - Ekstraliga 2023"]
[Site "Lublin"]
[Date "1899-12-30"]
[Round "4.21"]
[White "Zilka, Stepan"]
[Black "Berkes, Ferenc"]
[Result "1-0"]
[WhiteTitle "GM"]
[BlackTitle "GM"]
[WhiteElo "2600"]
[BlackElo "2622"]

1. e4 e6 2. d4 d5 3. Nc3 dxe4 4. Nxe4 Nd7 5. Nf3 Ngf6 6. Nxf6+ Nxf6 7. Bd3 c5 8.
Be3 Qc7 9. Qe2 a6 10. O-O-O b5 11. dxc5 Bxc5 12. Bxc5 Qxc5 13. Ne5 Bb7 14. h4
O-O 15. h5 Rad8 16. h6 g6 17. Rhe1 Bxg2 18. f4 Bh3 19. a3 Bf5 20. Kb1 Rd5 21.
Bxf5 exf5 22. Rxd5 Qxd5 23. Rd1 Qc5 24. Nd7 Nxd7 25. Rxd7 Rc8 26. Qd1 Re8 27.
b4 Qc6 28. Rd8 Kf8 29. Qd4 Rxd8 30. Qxd8+ Qe8 31. Qd6+ Qe7 32. Qxa6 Qc7 33. Qf6
Qd7 34. Qe5 Qd1+ 35. Kb2 Qd7 36. Kc1 Qc6 37. Kb2 Qc4 38. Qf6 Ke8 39. Qd6 g5 40.
Qe5+ Kf8 41. fxg5 f4 42. Qc3 Qe4 43. Qc5+ Ke8 44. Qxb5+ Kd8 45. Qb6+ Kc8 46. Qc5+
Kb7 47. a4 f3 48. a5 f2 49. Qxf2 Qxb4+ 50. Kc1 Qa3+ 51. Kd1 Qa1+ 52. Ke2 Qe5+
53. Qe3 Qxa5 54. Qe7+ Kc8 55. Qe8+ Kc7 56. Qxf7+ Kc8 57. Qg8+ 1-0

[Event "Druzynowe Mistrzostwa Polski - Ekstraliga 2023"]
[Site "Lublin"]
[Date "1899-12-30"]
[Round "4.22"]
[White "Dardha, Daniel"]
[Black "Moranda, Wojciech"]
[Result "1/2-1/2"]
[WhiteTitle "GM"]
[BlackTitle "GM"]
[WhiteElo "2586"]
[BlackElo "2561"]

1. Nf3 Nf6 2. g3 d5 3. Bg2 e6 4. O-O c5 5. d3 Nc6 6. Nbd2 Be7 7. e4 O-O 8. Re1
b5 9. e5 Nd7 10. Nf1 a5 11. h4 Bb7 12. N1h2 a4 13. a3 Qb6 14. h5 h6 15. Ng4 Rfb8
16. Bf4 Qd8 17. Qd2 1/2-1/2

[Event "Druzynowe Mistrzostwa Polski - Ekstraliga 2023"]
[Site "Lublin"]
[Date "1899-12-30"]
[Round "4.23"]
[White "Plat, Vojtech"]
[Black "Pultinevicius, Paulius"]
[Result "1/2-1/2"]
[WhiteTitle "GM"]
[BlackTitle "GM"]
[WhiteElo "2476"]
[BlackElo "2572"]

1. e4 c5 2. Nf3 Nc6 3. c3 Nf6 4. e5 Nd5 5. Bc4 Nb6 6. Bb3 c4 7. Bc2 d5 8. exd6
Qxd6 9. d4 cxd3 10. Qxd3 Qxd3 11. Bxd3 e5 12. O-O f6 13. a4 a6 14. a5 Nd5 15.
Re1 Kf7 16. Nbd2 Be6 17. Ne4 Be7 18. h4 Rhd8 19. Bb1 Rac8 20. Ng3 g6 21. h5 Nb8
22. Bh6 Bf8 23. Bxf8 Rxf8 24. Ne4 Ke7 25. hxg6 hxg6 26. Nh4 Rg8 27. Ba2 Nf4 28.
g3 Nd3 29. Bxe6 Kxe6 30. Re2 Nc5 31. Nf3 Rgd8 32. Kg2 Kf7 33. Rh1 Kg7 34. Nd4
exd4 35. Nxc5 Rxc5 36. Re7+ Kg8 37. Rhh7 Rh5 38. Reg7+ Kf8 39. Rf7+ 1/2-1/2

[Event "Druzynowe Mistrzostwa Polski - Ekstraliga 2023"]
[Site "Lublin"]
[Date "1899-12-30"]
[Round "4.24"]
[White "Buksa, Nataliya"]
[Black "Javakhishvili, Lela"]
[Result "1/2-1/2"]
[WhiteTitle "IM"]
[BlackTitle "IM"]
[WhiteElo "2352"]
[BlackElo "2446"]

1. e4 e5 2. Nf3 Nc6 3. Bb5 Nf6 4. O-O Nxe4 5. Re1 Nd6 6. Nxe5 Be7 7. Bf1 Nxe5 8.
Rxe5 O-O 9. d4 Bf6 10. Re1 Re8 11. Bf4 Rxe1 12. Qxe1 Ne8 13. Nc3 Bxd4 14. Nd5
d6 15. Bg5 Bf6 16. Nxf6+ Nxf6 17. Bxf6 gxf6 18. Bd3 f5 19. Qe3 Be6 20. Qf3 c6
21. Bxf5 Bxf5 22. Qxf5 Qe7 23. Rd1 Re8 24. h3 Qe6 25. Qf4 Qe5 26. Qg4+ Kf8 27.
Qd7 Qe7 28. Qf5 Qe4 29. Qxe4 1/2-1/2

[Event "Druzynowe Mistrzostwa Polski - Ekstraliga 2023"]
[Site "Lublin"]
[Date "1899-12-30"]
[Round "4.25"]
[White "Bjerre, Jonas Buhl"]
[Black "Navara, David"]
[Result "1/2-1/2"]
[WhiteTitle "GM"]
[BlackTitle "GM"]
[WhiteElo "2627"]
[BlackElo "2688"]

1. e4 e5 2. Nf3 Nc6 3. Bc4 Bc5 4. c3 Nf6 5. d3 d6 6. Nbd2 O-O 7. h3 a6 8. Bb3 Be6
9. Nf1 Bxb3 10. axb3 d5 11. Qe2 Nh5 12. g3 a5 13. Ne3 Bxe3 14. Bxe3 Qd7 15. O-O
Nf6 16. Bg5 Ne8 17. exd5 Qxd5 18. b4 Nd6 19. c4 Qe6 20. b5 Nb4 21. Bd2 Nxd3 22.
Qxd3 e4 23. Qe2 exf3 24. Qxe6 fxe6 25. b3 a4 26. bxa4 Nxc4 27. Bb4 Rfc8 28. Rfe1
c5 29. bxc6 Rxc6 30. a5 h5 31. Rad1 b6 32. axb6 Nxb6 33. Rd3 Nd5 34. Bd2 Ra2 35.
Rd1 Rc4 36. Be1 h4 37. Rxf3 hxg3 38. Rxg3 Rf4 39. Rb1 Rf7 40. Kf1 Rc7 41. Rg4
Kf7 42. Rg3 Ne7 43. Rgb3 Nf5 44. Rb7 Rac2 45. Rxc7+ Rxc7 46. Bd2 Rd7 47. Ke2 Ra7
48. Be3 Ra2+ 49. Kf3 Nxe3 50. Ke4 1/2-1/2

[Event "Druzynowe Mistrzostwa Polski - Ekstraliga 2023"]
[Site "Lublin"]
[Date "1899-12-30"]
[Round "4.26"]
[White "Tari, Aryan"]
[Black "Andersen, Mads"]
[Result "1/2-1/2"]
[WhiteTitle "GM"]
[BlackTitle "GM"]
[WhiteElo "2635"]
[BlackElo "2614"]

1. e4 e5 2. Nf3 Nc6 3. Bc4 Bc5 4. d3 Nf6 5. Bg5 h6 6. Bh4 d6 7. c3 a6 8. Nbd2 Ba7
9. O-O Qe7 10. b4 g5 11. Bg3 Nd7 12. Bd5 Nf8 13. Nc4 Ng6 14. Ne3 Qf6 15. Bxc6+
bxc6 16. d4 O-O 17. h3 Re8 18. d5 c5 19. Nh2 Nf4 20. Qa4 Qd8 21. Qd1 Rb8 22. a3
Qf6 23. Nhg4 Qg7 24. Nf5 Bxf5 25. exf5 h5 26. Ne3 e4 27. h4 cxb4 28. axb4 Qxc3
29. hxg5 Bxe3 30. fxe3 Qxe3+ 31. Kh2 Ne2 32. Ra3 Qxa3 33. Qxe2 Qd3 34. Qxh5 Qxf1
35. g6 Kg7 36. Qh7+ Kf6 37. Qh4+ Kg7 38. Qh7+ Kf6 39. Qh4+ Kg7 40. Qh7+ 1/2-1/2

[Event "Druzynowe Mistrzostwa Polski - Ekstraliga 2023"]
[Site "Lublin"]
[Date "1899-12-30"]
[Round "4.27"]
[White "Nasuta, Grzegorz"]
[Black "Piorun, Kacper"]
[Result "1/2-1/2"]
[WhiteTitle "GM"]
[BlackTitle "GM"]
[WhiteElo "2579"]
[BlackElo "2594"]

1. e4 c5 2. Nf3 Nc6 3. Bb5 e5 4. O-O Bd6 5. d3 Nf6 6. Bc4 Be7 7. a3 O-O 8. Nc3
d6 9. h3 h6 10. Nd5 Nxd5 11. Bxd5 Kh8 12. c3 f5 13. b4 cxb4 14. axb4 Bf6 15. Qb3
Ne7 16. Be6 Bxe6 17. Qxe6 Qc8 18. Qxc8 Rfxc8 19. Bb2 fxe4 20. dxe4 d5 21. Rfe1
dxe4 22. Rxe4 Nf5 23. Nxe5 1/2-1/2

[Event "Druzynowe Mistrzostwa Polski - Ekstraliga 2023"]
[Site "Lublin"]
[Date "1899-12-30"]
[Round "4.28"]
[White "Socko, Bartosz"]
[Black "Kempinski, Robert"]
[Result "1/2-1/2"]
[WhiteTitle "GM"]
[BlackTitle "GM"]
[WhiteElo "2538"]
[BlackElo "2550"]

1. d4 Nf6 2. Nf3 e6 3. g3 b6 4. Bg2 Bb7 5. c4 Be7 6. O-O O-O 7. Re1 a5 8. Bf4 h6
9. Nc3 Ne4 10. Nxe4 Bxe4 11. Ne5 Bxg2 12. Kxg2 d6 13. Nd3 Bf6 14. d5 e5 15. Bc1
e4 16. Nf4 Nd7 17. Qc2 Re8 18. Be3 Be5 19. Nh3 Qf6 20. Rab1 Qf5 21. Rbc1 Bf6 22.
f4 1/2-1/2

[Event "Druzynowe Mistrzostwa Polski - Ekstraliga 2023"]
[Site "Lublin"]
[Date "1899-12-30"]
[Round "4.29"]
[White "Bobras, Piotr"]
[Black "Janik, Igor"]
[Result "0-1"]
[WhiteTitle "GM"]
[BlackTitle "GM"]
[WhiteElo "2463"]
[BlackElo "2517"]

1. e4 e5 2. Nf3 Nc6 3. Bb5 a6 4. Ba4 Nf6 5. O-O Bc5 6. c3 b5 7. Bc2 d6 8. a4 Bg4
9. d3 Rb8 10. axb5 axb5 11. h3 Bh5 12. Nbd2 O-O 13. Re1 Ra8 14. Rxa8 Qxa8 15.
Nf1 Qa7 16. Be3 b4 17. g4 Bg6 18. d4 Bb6 19. Ng3 bxc3 20. bxc3 Qa5 21. Qa1 exd4
22. cxd4 d5 23. e5 Qxa1 24. Rxa1 Nxg4 25. Bxg6 fxg6 26. hxg4 Rxf3 27. Ne2 Rf8
28. Kg2 h6 29. Rc1 Ne7 30. Nf4 Kf7 31. Rb1 g5 32. Nd3 Ng6 33. Rb5 Ke6 34. Kg3
Rc8 35. Nb4 Ne7 36. Nd3 Ra8 37. Rb3 Ra4 38. f4 gxf4+ 39. Nxf4+ Kd7 40. Rb5 Bxd4
41. Nxd5 Bxe5+ 42. Bf4 Rxf4 43. Nxf4 Ng6 0-1

[Event "Druzynowe Mistrzostwa Polski - Ekstraliga 2023"]
[Site "Lublin"]
[Date "1899-12-30"]
[Round "4.30"]
[White "Socko, Monika"]
[Black "Cyfka, Karina"]
[Result "0-1"]
[WhiteTitle "GM"]
[BlackTitle "IM"]
[WhiteElo "2392"]
[BlackElo "2351"]

1. d4 Nf6 2. Nf3 e6 3. c4 d5 4. Nc3 dxc4 5. e4 b5 6. e5 Nd5 7. Nxb5 Nb6 8. Be2
Bb7 9. O-O Be7 10. Be3 O-O 11. Qd2 Nc6 12. Rfc1 Qd7 13. b3 a6 14. Nc3 cxb3 15.
axb3 Nb4 16. Na4 Nxa4 17. Rxa4 Nd5 18. Bg5 f6 19. exf6 gxf6 20. Bh6 Rfd8 21. Bc4
Kh8 22. Qe2 Qd6 23. Re1 Bf8 24. Bxf8 Qxf8 25. Qxe6 Nb6 26. Raa1 Bxf3 27. gxf3
Rxd4 28. Kh1 Nxc4 29. bxc4 Qd6 30. c5 Qf4 31. Qc6 Rg8 32. h3 Qf5 33. Kh2 Rh4 0-1

[Event "Druzynowe Mistrzostwa Polski - Ekstraliga 2023"]
[Site "Lublin"]
[Date "1899-12-30"]
[Round "5.1"]
[White "Navara, David"]
[Black "Wojtaszek, Radoslaw"]
[Result "1/2-1/2"]
[WhiteTitle "GM"]
[BlackTitle "GM"]
[WhiteElo "2688"]
[BlackElo "2675"]

1. d4 Nf6 2. Nf3 d5 3. Bf4 c5 4. e3 Nc6 5. Nbd2 Bg4 6. c3 e6 7. h3 Bh5 8. Qb3 Qc8
9. Nh4 cxd4 10. exd4 Qd7 11. Bd3 Bd6 12. Bxd6 Qxd6 13. O-O O-O 14. Nhf3 Rab8 15.
Rfe1 Nd7 16. a4 Rfe8 17. Re3 Bg6 18. Bxg6 hxg6 19. Qb5 Qc7 20. Qe2 Ne7 21. Qd3
Nf5 22. Re2 Rbc8 23. g3 Qb6 24. Ra2 Rc6 25. a5 Qa6 26. Ne1 Qxd3 27. Nxd3 g5 28.
Nb3 f6 29. Kg2 Kf7 30. Re1 Nd6 1/2-1/2

[Event "Druzynowe Mistrzostwa Polski - Ekstraliga 2023"]
[Site "Lublin"]
[Date "1899-12-30"]
[Round "5.2"]
[White "Abasov, Nijat"]
[Black "Tari, Aryan"]
[Result "1-0"]
[WhiteTitle "GM"]
[BlackTitle "GM"]
[WhiteElo "2677"]
[BlackElo "2635"]

1. d4 Nf6 2. Bg5 d5 3. Nd2 c5 4. dxc5 e6 5. e4 Bxc5 6. e5 Qb6 7. exf6 Bxf2+ 8.
Ke2 Bxg1 9. Rxg1 Qxg1 10. fxg7 Rg8 11. Ne4 Rxg7 12. Nf6+ Kd8 13. Qd2 Nc6 14. Nxd5+
Rxg5 15. Qxg5+ Kd7 16. Nf6+ Kc7 17. Ne8+ Kb6 18. a4 a6 19. c3 e5 20. a5+ Ka7 21.
Qe3+ Qxe3+ 22. Kxe3 Bf5 23. Nf6 Rd8 24. g4 Bg6 25. Be2 Rd6 26. Rf1 Nxa5 27. h4
h6 28. h5 Bc2 29. Rf2 Bb3 30. g5 hxg5 31. h6 Bc2 32. h7 Rd8 33. Rh2 Rh8 34. Bxa6
Rxh7 35. Nxh7 Bxh7 36. Rxh7 Kxa6 37. b4 Nc4+ 38. Kd3 Nb2+ 39. Kc2 Nc4 40. Rxf7
e4 41. Re7 e3 42. Kd3 b5 43. Rg7 g4 44. Ke2 Kb6 45. Rxg4 Kc6 46. Rxc4+ Kd5 1-0

[Event "Druzynowe Mistrzostwa Polski - Ekstraliga 2023"]
[Site "Lublin"]
[Date "1899-12-30"]
[Round "5.3"]
[White "Piorun, Kacper"]
[Black "Kollars, Dmitrij"]
[Result "1/2-1/2"]
[WhiteTitle "GM"]
[BlackTitle "GM"]
[WhiteElo "2594"]
[BlackElo "2641"]

1. e4 e5 2. Nf3 Nc6 3. Bb5 a6 4. Ba4 Nf6 5. O-O Be7 6. d3 b5 7. Bb3 d6 8. c3 O-O
9. h3 h6 10. Re1 Re8 11. Nbd2 Bf8 12. Nf1 Be6 13. Ne3 Bxb3 14. Qxb3 Qd7 15. a4
Na5 16. Qc2 c5 17. axb5 axb5 18. Nh2 h5 19. Bd2 c4 20. dxc4 Nxc4 21. Nxc4 bxc4
22. Bg5 Nh7 23. Be3 Qb7 24. Nf1 Nf6 25. Nd2 Qc6 26. Bg5 Nd7 27. Reb1 g6 28. Qd1
Reb8 29. Rxa8 Rxa8 30. Be3 Nf6 31. Qf3 Bg7 32. Bg5 Nd7 33. Qe2 Ra4 34. Be3 Nf6
35. Bg5 Nd7 36. Be3 Nf6 37. Bg5 1/2-1/2

[Event "Druzynowe Mistrzostwa Polski - Ekstraliga 2023"]
[Site "Lublin"]
[Date "1899-12-30"]
[Round "5.4"]
[White "Teclaf, Pawel"]
[Black "Socko, Bartosz"]
[Result "1/2-1/2"]
[WhiteTitle "GM"]
[BlackTitle "GM"]
[WhiteElo "2586"]
[BlackElo "2538"]

1. c4 e5 2. g3 Nc6 3. Bg2 g6 4. Nc3 Bg7 5. Nf3 d6 6. d3 Nf6 7. O-O O-O 8. Rb1 a5
9. a3 Re8 10. Bg5 h6 11. Bxf6 Bxf6 12. b4 axb4 13. axb4 Bg7 14. b5 Ne7 15. Qb3
Be6 16. Nd5 c6 17. Nxe7+ Rxe7 18. Ne1 d5 19. bxc6 bxc6 1/2-1/2

[Event "Druzynowe Mistrzostwa Polski - Ekstraliga 2023"]
[Site "Lublin"]
[Date "1899-12-30"]
[Round "5.5"]
[White "Janik, Igor"]
[Black "Heberla, Bartlomiej"]
[Result "1/2-1/2"]
[WhiteTitle "GM"]
[BlackTitle "GM"]
[WhiteElo "2517"]
[BlackElo "2552"]

1. Nf3 d5 2. g3 Nf6 3. Bg2 e6 4. O-O c5 5. c4 d4 6. e3 Nc6 7. exd4 cxd4 8. d3 Bd6
9. Bg5 h6 10. Bxf6 Qxf6 11. Nbd2 Qe7 12. a3 a5 13. Re1 O-O 14. Nh4 Qd8 15. Rc1
Bd7 16. c5 Be7 17. Nhf3 Qc7 18. Nc4 Bxc5 19. Nce5 Bd6 20. Nxc6 bxc6 21. Nxd4 Qb6
22. Bxc6 Qxd4 23. Bxd7 Bxg3 24. hxg3 Qxd7 25. Rc3 Rab8 26. Qc2 Rb5 27. a4 Rh5
28. Re4 Rd8 29. b4 axb4 30. Rxb4 Qd5 31. Re4 Kh7 32. Rc7 Rf5 33. d4 Kg8 34. Rc5
Qb7 35. Rxf5 exf5 36. Re5 g6 37. Qc4 Rc8 38. Rc5 Re8 39. Rc6 Qb1+ 40. Kh2 Qe1
41. Rxg6+ Kh8 42. Rxh6+ Kg7 43. Rh7+ Kxh7 44. Qxf7+ 1/2-1/2

[Event "Druzynowe Mistrzostwa Polski - Ekstraliga 2023"]
[Site "Lublin"]
[Date "1899-12-30"]
[Round "5.6"]
[White "Kiolbasa, Oliwia"]
[Black "Socko, Monika"]
[Result "1/2-1/2"]
[WhiteTitle "IM"]
[BlackTitle "GM"]
[WhiteElo "2387"]
[BlackElo "2392"]

1. e4 c5 2. Nf3 g6 3. d4 cxd4 4. Nxd4 Nc6 5. c4 Nf6 6. Nc3 Nxd4 7. Qxd4 d6 8. Be2
Bg7 9. O-O O-O 10. Qd3 Nd7 11. Be3 Nc5 12. Qc2 a5 13. Rad1 Bd7 14. f4 Bxc3 15.
Bxc5 dxc5 16. Qxc3 Qc7 17. Bf3 Rad8 18. e5 Bc8 19. h3 Rxd1 1/2-1/2

[Event "Druzynowe Mistrzostwa Polski - Ekstraliga 2023"]
[Site "Lublin"]
[Date "1899-12-30"]
[Round "5.7"]
[White "Nguyen, Thai Dai Van"]
[Black "Bjerre, Jonas Buhl"]
[Result "1/2-1/2"]
[WhiteTitle "GM"]
[BlackTitle "GM"]
[WhiteElo "2606"]
[BlackElo "2627"]

1. e4 e5 2. Nf3 Nc6 3. Bc4 Bc5 4. O-O Nf6 5. d3 O-O 6. Nbd2 d6 7. c3 a6 8. a4 Ba7
9. h3 h6 10. Re1 Re8 11. b4 Be6 12. Bxe6 Rxe6 13. Qc2 d5 14. Nb3 dxe4 15. dxe4
Qe8 16. Be3 Bxe3 17. Rxe3 b6 18. a5 Ne7 19. Qe2 Qc8 20. Nfd2 Nd7 21. Rd3 Ng6 22.
g3 Ngf8 23. Nc4 b5 24. Ne3 c5 25. Rd5 cxb4 26. cxb4 Nf6 27. Rc5 Qb8 28. Qc2 N8d7
29. Rc7 Qf8 30. Rd1 Rd6 31. Rxd6 Qxd6 32. Rc8+ Rxc8 33. Qxc8+ Qf8 34. Qxf8+ Kxf8
35. f3 g6 36. Nc2 Ke7 37. Ne1 Ne8 38. Nd3 Nc7 39. Nbc5 Nxc5 40. Nxc5 g5 41. Kf2
f6 42. Kg2 Kf7 43. Kf2 Ke7 44. Ke3 Kd6 1/2-1/2

[Event "Druzynowe Mistrzostwa Polski - Ekstraliga 2023"]
[Site "Lublin"]
[Date "1899-12-30"]
[Round "5.8"]
[White "Andersen, Mads"]
[Black "Svane, Rasmus"]
[Result "1/2-1/2"]
[WhiteTitle "GM"]
[BlackTitle "GM"]
[WhiteElo "2614"]
[BlackElo "2641"]

1. e4 e5 2. Nf3 Nc6 3. Bb5 Nf6 4. O-O Nxe4 5. Re1 Nd6 6. Nxe5 Be7 7. Bf1 Nxe5 8.
Rxe5 O-O 9. Nc3 Bf6 10. Re1 Re8 11. Nd5 Rxe1 12. Qxe1 b6 13. Nxf6+ Qxf6 14. d3
Bb7 15. Qb4 c5 16. Qf4 Qxf4 17. Bxf4 Nf5 18. c3 f6 19. Bd2 1/2-1/2

[Event "Druzynowe Mistrzostwa Polski - Ekstraliga 2023"]
[Site "Lublin"]
[Date "1899-12-30"]
[Round "5.9"]
[White "Berkes, Ferenc"]
[Black "Nasuta, Grzegorz"]
[Result "1/2-1/2"]
[WhiteTitle "GM"]
[BlackTitle "GM"]
[WhiteElo "2622"]
[BlackElo "2579"]

1. d4 d5 2. c4 c6 3. Nf3 Nf6 4. Qc2 dxc4 5. Qxc4 Bg4 6. Nbd2 Nbd7 7. g3 e6 8. Bg2
Be7 9. O-O a5 10. b3 O-O 11. a3 Bf5 12. Bb2 Ne4 13. Rfd1 h6 14. e3 Qb6 15. Rac1
Rfd8 16. h3 Bh7 17. Bf1 Ndf6 18. Bd3 Nxd2 19. Bxh7+ Kxh7 20. Rxd2 Kg8 21. Kg2
Rac8 22. Rdc2 Ne4 23. Qd3 Nd6 24. a4 Ne8 25. Ne5 Nf6 26. e4 Nd7 27. Nc4 Qa6 28.
Qc3 Bb4 29. Qf3 Bf8 30. h4 Rb8 31. Ne3 Qb6 32. g4 Qxb3 33. g5 h5 34. Qxh5 Ba3
35. Bxa3 Qxa3 36. Nc4 Qd3 37. Qf3 Qxd4 38. Rd2 Qc5 39. Nd6 Qxc1 40. Qxf7+ Kh8
41. Qh5+ Kg8 42. Qf7+ Kh8 43. Qh5+ 1/2-1/2

[Event "Druzynowe Mistrzostwa Polski - Ekstraliga 2023"]
[Site "Lublin"]
[Date "1899-12-30"]
[Round "5.11"]
[White "Pultinevicius, Paulius"]
[Black "Bobras, Piotr"]
[Result "1-0"]
[WhiteTitle "GM"]
[BlackTitle "GM"]
[WhiteElo "2572"]
[BlackElo "2463"]

1. d4 Nf6 2. c4 g6 3. Nc3 d5 4. Nf3 Bg7 5. Qb3 dxc4 6. Qxc4 O-O 7. e4 a6 8. Be2
b5 9. Qb3 c5 10. dxc5 Be6 11. Qc2 Nbd7 12. c6 Nb8 13. Ng5 Bc4 14. Bxc4 bxc4 15.
Qa4 Qd3 16. Bd2 Qd6 17. Qxc4 Nxc6 18. f4 Nb4 19. e5 Nd3+ 20. Ke2 Nxb2 21. Qxf7+
Rxf7 22. exd6 Rff8 23. Ne6 Rfc8 24. Rab1 Nc4 25. Nxg7 Kxg7 26. Rb7 Nxd6 27. Rxe7+
Kf8 28. Re6 Re8 29. Rxe8+ Rxe8+ 30. Kd3 Rd8 31. Kc2 Nc4 32. Bc1 Ng4 33. Re1 Nxh2
34. Re4 Nd6 35. Ra4 Nf5 36. Rxa6 Ng4 37. a4 Nge3+ 38. Kb1 Rb8+ 39. Ka2 Nc2 40.
Nd5 Ne7 41. Rf6+ Kg7 42. Rb6 Rxb6 43. Nxb6 Ne1 44. g3 Kf6 45. Kb3 Nc6 46. Kc4
Kf5 47. Nd7 Na5+ 48. Kb5 Nb3 49. Bb2 Nc2 50. Nc5 Nbd4+ 51. Kb6 Ne2 52. a5 Nb4
53. Kb7 h5 54. Ba3 Nxg3 55. Bxb4 h4 56. Nd3 Ne4 57. a6 h3 58. a7 h2 59. a8=Q h1=Q
60. Qc8+ Kf6 61. Qc6+ Kf5 62. Qd7+ Kf6 63. Be7+ Kg7 64. Kc7 Kh6 65. Qd5 Kg7 66.
Nc5 Ng3 67. Ne6+ Kh6 68. Bf8+ 1-0

[Event "Druzynowe Mistrzostwa Polski - Ekstraliga 2023"]
[Site "Lublin"]
[Date "1899-12-30"]
[Round "5.12"]
[White "Cyfka, Karina"]
[Black "Buksa, Nataliya"]
[Result "1/2-1/2"]
[WhiteTitle "IM"]
[BlackTitle "IM"]
[WhiteElo "2351"]
[BlackElo "2352"]

1. d4 d5 2. c4 e6 3. Nc3 Nf6 4. Bg5 Be7 5. Nf3 Nbd7 6. e3 h6 7. Bh4 O-O 8. Rc1
c5 9. cxd5 Nxd5 10. Bxe7 Nxe7 11. Be2 b6 12. O-O 1/2-1/2

[Event "Druzynowe Mistrzostwa Polski - Ekstraliga 2023"]
[Site "Lublin"]
[Date "1899-12-30"]
[Round "5.13"]
[White "Pechac, Jergus"]
[Black "Volokitin, Andrei"]
[Result "1/2-1/2"]
[WhiteTitle "GM"]
[BlackTitle "GM"]
[WhiteElo "2598"]
[BlackElo "2659"]

1. g3 c5 2. Bg2 Nf6 3. Nf3 Nc6 4. c4 d5 5. cxd5 Nxd5 6. Nc3 Nc7 7. a3 g6 8. b4
cxb4 9. axb4 Nxb4 10. Qa4+ Nc6 11. Ne5 Bg7 12. Nxc6 bxc6 13. Qxc6+ Bd7 14. Qc5
Rc8 15. Qxa7 Nb5 16. Nxb5 Bxb5 17. Rb1 O-O 18. Bf3 Bd3 19. exd3 Qxd3 20. Qb7 Rfd8
21. Qe4 Rxc1+ 22. Rxc1 Qxd2+ 23. Kf1 Qxc1+ 24. Kg2 Qc5 25. Rd1 Rb8 26. Rd5 Qc7
27. Qd3 Bf6 28. Rd7 Qa5 29. Qd5 Qxd5 30. Rxd5 Rb2 31. Rd3 Bg5 32. Kf1 Kg7 33.
Rd5 Bd2 34. Re5 e6 35. Re2 Rb1+ 36. Kg2 Bc3 37. Be4 Ra1 38. f4 Bd4 39. Rd2 Be3
40. Re2 Ra3 41. Rc2 h6 42. h4 Bd4 43. Bf3 Bc3 44. Re2 h5 45. Re3 Ra2+ 46. Re2
Ra1 47. Rc2 Ra3 48. Re2 Kf6 49. Be4 Ke7 50. Re3 Ra2+ 51. Kh3 Bd4 52. Rd3 Bg1 53.
Bg2 Kf6 54. Rb3 Rd2 55. Ra3 Bd4 56. Rb3 e5 57. fxe5+ Bxe5 58. Re3 Bd4 59. Re4
Bc5 60. Bf3 Kg7 61. Re2 Rd3 62. Kg2 Bd6 63. Rb2 Kh6 64. Rb7 f6 65. Rd7 Rd4 66.
Be2 Be5 67. Rxd4 Bxd4 68. Kf3 1/2-1/2

[Event "Druzynowe Mistrzostwa Polski - Ekstraliga 2023"]
[Site "Lublin"]
[Date "1899-12-30"]
[Round "5.14"]
[White "Lagarde, Maxime"]
[Black "Leniart, Arkadiusz"]
[Result "1-0"]
[WhiteTitle "GM"]
[BlackTitle "GM"]
[WhiteElo "2607"]
[BlackElo "2503"]

1. Nf3 d5 2. g3 e6 3. Bg2 Nf6 4. O-O c5 5. c4 d4 6. e3 Nc6 7. d3 Bd6 8. exd4 cxd4
9. Na3 O-O 10. Nc2 e5 11. b4 Re8 12. Re1 a6 13. a4 Nxb4 14. Nxb4 Bxb4 15. Rxe5
Rxe5 16. Nxe5 Qa5 17. Rb1 Nd7 18. Nxf7 Kxf7 19. Bd5+ Ke7 20. Qg4 Kd8 21. Qxg7
Qxa4 22. Bf4 a5 23. Re1 Ra6 24. Qg8+ Bf8 25. Bf7 1-0

[Event "Druzynowe Mistrzostwa Polski - Ekstraliga 2023"]
[Site "Lublin"]
[Date "1899-12-30"]
[Round "5.15"]
[White "Szpar, Milosz"]
[Black "Zilka, Stepan"]
[Result "1/2-1/2"]
[WhiteTitle "IM"]
[BlackTitle "GM"]
[WhiteElo "2477"]
[BlackElo "2600"]

1. Nf3 d5 2. e3 Nf6 3. c4 e6 4. b3 Be7 5. Bb2 O-O 6. Nc3 c5 7. cxd5 Nxd5 8. a3
b6 9. Nxd5 exd5 10. d4 Bf5 11. Bd3 Bxd3 12. Qxd3 Nc6 13. O-O Bf6 14. Bc3 cxd4
15. Nxd4 Nxd4 16. Bxd4 Bxd4 17. Qxd4 Qd6 18. Rfd1 Rfd8 19. e4 Rac8 20. g3 Kf8
21. Rd3 Qc5 22. Qxc5+ Rxc5 23. b4 Rc4 24. exd5 Ke7 25. Re1+ Kd6 26. Kg2 Rdc8 27.
Ree3 R8c7 28. Re8 Rc8 29. Ree3 R8c7 30. Kf3 a5 31. bxa5 1/2-1/2

[Event "Druzynowe Mistrzostwa Polski - Ekstraliga 2023"]
[Site "Lublin"]
[Date "1899-12-30"]
[Round "5.16"]
[White "Moranda, Wojciech"]
[Black "Nguyen, Piotr"]
[Result "0-1"]
[WhiteTitle "GM"]
[BlackTitle "IM"]
[WhiteElo "2561"]
[BlackElo "2394"]

1. d4 Nf6 2. c4 c5 3. d5 g6 4. Nc3 Bg7 5. e4 O-O 6. Nf3 e6 7. Be2 d6 8. O-O Re8
9. Nd2 Na6 10. Kh1 Nc7 11. a4 b6 12. Ra3 Rb8 13. g4 h6 14. f4 a6 15. Bf3 exd5
16. Nxd5 Ne6 17. Bg2 b5 18. Rg3 Nd4 19. Nxf6+ Qxf6 20. axb5 axb5 21. cxb5 Bd7
22. Nb1 Bxb5 23. Rf2 Bc6 24. Nc3 Qe7 25. Rf1 Ra8 26. Re3 Ra1 27. Ree1 Qh4 28.
h3 Rb8 29. Qd2 Bb7 30. Re3 Ba6 31. Rd1 g5 32. fxg5 Qxg5 33. Qf2 Nb3 34. h4 Qd8
35. Ree1 Rxc1 36. Rxc1 Nxc1 37. Rxc1 Rxb2 38. Qxb2 Qxh4+ 39. Bh3 Qxh3+ 40. Qh2
Qe3 41. Ra1 Be5 42. Qg2 Qxc3 43. Rxa6 Qe1+ 44. Qg1 Qxe4+ 45. Qg2 Qb1+ 46. Qg1
Qb7+ 0-1

[Event "Druzynowe Mistrzostwa Polski - Ekstraliga 2023"]
[Site "Lublin"]
[Date "1899-12-30"]
[Round "5.17"]
[White "Mikrut, Dariusz"]
[Black "Plat, Vojtech"]
[Result "1/2-1/2"]
[WhiteTitle "IM"]
[BlackTitle "GM"]
[WhiteElo "2312"]
[BlackElo "2476"]

1. d4 d5 2. c4 e6 3. cxd5 exd5 4. Nc3 Nf6 5. Bg5 c6 6. e3 Bf5 7. Qf3 Bg6 8. Bxf6
Qxf6 9. Qxf6 gxf6 10. Nge2 Nd7 11. Nf4 Bd6 12. g3 a5 13. h4 h5 14. Rc1 a4 15.
a3 Ke7 1/2-1/2

[Event "Druzynowe Mistrzostwa Polski - Ekstraliga 2023"]
[Site "Lublin"]
[Date "1899-12-30"]
[Round "5.18"]
[White "Javakhishvili, Lela"]
[Black "Divya, Deshmukh"]
[Result "1/2-1/2"]
[WhiteTitle "IM"]
[BlackTitle "WGM"]
[WhiteElo "2446"]
[BlackElo "2385"]

1. Nf3 d5 2. e3 Nf6 3. c4 e6 4. Nc3 Be7 5. b3 O-O 6. Bb2 c5 7. cxd5 exd5 8. d4
Nc6 9. Be2 Ne4 10. O-O Bf6 11. Na4 Bg4 12. Rc1 cxd4 13. Nxd4 Bxe2 14. Nxe2 Bxb2
15. Nxb2 Qf6 16. Na4 Rfd8 17. f3 Ng5 18. Nc5 Qe7 19. Qd2 Ne6 1/2-1/2

[Event "Druzynowe Mistrzostwa Polski - Ekstraliga 2023"]
[Site "Lublin"]
[Date "1899-12-30"]
[Round "5.19"]
[White "Harikrishna, Pentala"]
[Black "Ivanchuk, Vasyl"]
[Result "1-0"]
[WhiteTitle "GM"]
[BlackTitle "GM"]
[WhiteElo "2711"]
[BlackElo "2664"]

1. d4 d5 2. c4 c6 3. Nc3 Nf6 4. cxd5 cxd5 5. Bf4 Nc6 6. e3 a6 7. Be2 Bf5 8. Nf3
e6 9. Qb3 Ra7 10. Ne5 Nxe5 11. Bxe5 Nd7 12. O-O b5 13. Rfd1 Qa8 14. Rac1 Nxe5
15. dxe5 Be7 16. Nxb5 axb5 17. Bxb5+ Kf8 18. Bc6 1-0